Sunshine and shade in Central Africa / (Record no. 120296)
[ view plain ]
| 000 -LEADER | |
|---|---|
| fixed length control field | 00802cam a2200253Ii 4500 |
| 001 - CONTROL NUMBER | |
| control field | 4725103 |
| 003 - CONTROL NUMBER IDENTIFIER | |
| control field | ARRUPE |
| 005 - DATE AND TIME OF LATEST TRANSACTION | |
| control field | 20140326172143.0 |
| 008 - FIXED-LENGTH DATA ELEMENTS--GENERAL INFORMATION | |
| fixed length control field | 771209s1908 enkcf 000 0aeng d |
| 035 ## - SYSTEM CONTROL NUMBER | |
| System control number | (OCoLC)ocm03475177 |
| 035 ## - SYSTEM CONTROL NUMBER | |
| System control number | (NNC)4725103 |
| 040 ## - CATALOGING SOURCE | |
| Original cataloging agency | KAT |
| Transcribing agency | KAT |
| Modifying agency | OCL |
| 098 ## - OTHER CLASSIFICATION SCHEMES (OCLC) | |
| Call number based on other classification scheme | Ta3 |
| 300 ## - PHYSICAL DESCRIPTION | |
| Other physical details | ill., ports. ; |
| Dimensions | 19 cm. |
| 100 1# - MAIN ENTRY--PERSONAL NAME | |
| Personal name | Smith, Julia A. |
| 9 (RLIN) | 9484 |
| 245 10 - TITLE STATEMENT | |
| Title | Sunshine and shade in Central Africa / |
| Statement of responsibility, etc | by Julia A. Smith (Mrs. E.W. Smith). |
| 260 ## - PUBLICATION, DISTRIBUTION, ETC. (IMPRINT) | |
| Place of publication, distribution, etc | London : |
| Name of publisher, distributor, etc | Edwin Dalton, |
| Date of publication, distribution, etc | 1908. |
| 300 ## - PHYSICAL DESCRIPTION | |
| Extent | 107 p., [12] leaves of plates : |
| 600 10 - SUBJECT ADDED ENTRY--PERSONAL NAME | |
| Personal name | Smith, Julia A. |
| 9 (RLIN) | 9485 |
| 650 #0 - SUBJECT ADDED ENTRY--TOPICAL TERM | |
| Topical term or geographic name as entry element | Ila (African people) |
| General subdivision | Social life and customs. |
| 9 (RLIN) | 9486 |
| 650 #0 - SUBJECT ADDED ENTRY--TOPICAL TERM | |
| Topical term or geographic name as entry element | Missionaries |
| Form subdivision | Correspondence. |
| 9 (RLIN) | 9487 |
| 650 #0 - SUBJECT ADDED ENTRY--TOPICAL TERM | |
| Topical term or geographic name as entry element | Missions |
| Geographic subdivision | Africa, Central. |
| 9 (RLIN) | 9488 |
| 942 ## - ADDED ENTRY ELEMENTS (KOHA) | |
| Source of classification or shelving scheme | Library of Congress Classification |
| Koha item type | REFERENCE |
| Withdrawn status | Lost status | Source of classification or shelving scheme | Damaged status | Not for loan | Collection code | Home library | Current library | Shelving location | Date acquired | Total Checkouts | Full call number | Barcode | Date last seen | Price effective from | Koha item type |
|---|---|---|---|---|---|---|---|---|---|---|---|---|---|---|---|
| Library of Congress Classification | SPECIAL Collection | ARRUPE LIBRARY | ARRUPE LIBRARY | Main Collection | 26/03/2014 | SPC BV3625.R52S51 | 46500001830 | 05/07/2018 | 26/03/2014 | REFERENCE |